000 01357nam a2200325 i 4500
001 000047649
003 DO-SdBNP
005 20251104070203.0
008 120207s2017 dr 000 0 spa d
040 _aDO-SdBNP
_bspa
_cBNPHU
_erda
041 _aspa
082 4 _a320.97293
_bE77c 2017
_222
100 1 _aEspinal, Rosario,
_eautor
_4aut.
_988771
245 1 0 _aCultura política de la democracia en República Dominicana y en las Américas, 2016/17 :
_bun estudio comparado sobre democracia y gobernabilidad/
_cRosario Espinal, Jana Morgan, María Fernanda Boidi, Elizabeth J. Zechmeister
264 1 _aSanto Domingo :
_bUSAID
_bVanderbilt,
_c2017.
300 _a2 volúmenes :
_bilustraciones, gráficos ;
_c22 cm.
336 _atexto
_btxt
_2rdacontent
337 _asin mediación
_bn
_2rdamedia
338 _avolumen
_2nc
_brdacarrier
505 _av.1--
_tTexto --
_gv.2--
_tResumen ejecutivo.
590 _aInventariado, 2023 / DG
650 4 _aCultura política
_zRepública Dominicana
_99464
650 4 _aDemocracia
_zRepública Dominicana
_96412
650 4 _aGobernabilidad
_zRepública Dominicana
_934644
700 1 _aMorgan, Jana,
_eautor
_4aut.
_954658
700 1 _aBoidi, María Fernanda
_eautor
_4aut.
_975260
700 1 _aZechmeister, Elizabeth J.
_eautor
_4aut.
_975261
910 _aDG/ Validado. Control de calidad MAA
942 _2ddc
_cLBS1
999 _c53224
_d53224